000
002780000a22000970004500
100
1
_a
Schley, Donald G.
245
1
0
_a
The "salisîm" : Officers or special three-man squads?
300
_a
Vol. 40, Num. 3 (Julio, 1990), Páginas 321-326
773
0
_t
Vetus Testamentum
942
_c
ANA
999
_c
57630
_d
57630